| 000 | 01018nmm a2200301 a 4500 | ||
|---|---|---|---|
| 001 | ocm0002015679 | ||
| 003 | TR-IsHL | ||
| 005 | 20201028180332.0 | ||
| 008 | 181208s2015 tu tur | ||
| 007 | cr cn | ||
| 020 | _a9786059902069 | ||
| 035 |
_a2015679 _b(N$T) |
||
| 050 | 0 | 4 |
_aPS3558.A5133 _bH5719 2015 |
| 090 | 0 | 4 |
_aPS3558.A5133 _bH5719 2015 |
| 100 | 1 | _aHansen, Ron | |
| 245 | 1 | 0 |
_aHitler'in yeğeni _h[electronic resource] / _cRon Hansen ; çevirmen Ayşegül Pomakoğlu |
| 250 | _a1. Baskı | ||
| 260 |
_aİstanbul : _bMaya Kitap, _c2015 |
||
| 300 | _a330 p. | ||
| 500 | _aÖzgün adı : Hitler's niece. | ||
| 650 | 4 | _aDil ve Edebiyat | |
| 650 | 4 | _aLanguage and Literature | |
| 650 | 0 |
_aGermany _x history fiction _x 1918-1933 |
|
| 650 | 0 |
_aAlmanya _x tarihi romanı _x 1918-1933 |
|
| 650 | 7 |
_aLITERARY COLLECTIONS / European / German _2bisacsh |
|
| 700 | 1 | _aPomakoğlu, Ayşegül | |
| 856 | 4 | 0 | _uhttp://search.ebscohost.com/login.aspx?direct=true&scope=site&db=e011xww&AN=2015679 |
| 999 |
_c19091 _d19091 |
||